000 00335nam a22001457a 4500
008 221005b ||||| |||| 00| 0 eng d
020 _a0073137332
041 _aeng
080 _2SITH EDITION
_a159.9
082 _a159.9 HETH
100 _a24.1
101 _aPSI
245 _aCHILD PSYCHOLOGY
_cHETHERINGTON .E.M
942 _2udc
_cBK
999 _c58363
_d58363